Fine Line - Harry Styles (All Lyrics) - Statistics

General Stats
  • This quiz has been taken 101 times
  • The average score is 190 of 220
Answer Stats
Lyrics % Correct
a
100%
you
98%
I
96%
be
95%
fine
95%
line
95%
we'll
93%
(we'll
93%
we'lll
93%
so
89%
alright
88%
(alright,
88%
alright,
88%
alright)
88%
on
86%
the
86%
to
86%
in
84%
my
82%
but
81%
can
81%
for
81%
looking
81%
something
81%
and
79%
emotion
79%
hate
79%
put
79%
sometimes
79%
buy
77%
don't
77%
know
77%
price
77%
man,
75%
of
75%
you've
74%
got
72%
i'm
72%
wanna
72%
devotion
70%
fight
70%
sleep
70%
sunshine,
70%
is
68%
temptress
67%
get
65%
that
65%
things
65%
drinks
63%
hands
63%
never
63%
at
61%
her
61%
i'll
61%
test
61%
thinking
61%
risk,
60%
way
60%
knowing
58%
only
58%
open
58%
fold
54%
patience
54%
spreading
54%
this
54%
dirt
53%
there's
53%
try
53%
soon
49%
shake
47%
crisp
46%
trepidation
40%
No matching quizzes found
Score Distribution
Percent of People with Each Score
Percentile by Number Answered
Your Score History
You have not taken this quiz